[Event "Gibraltar Challengers A"]
[Site "Gibraltar"]
[Date "2019.01.21"]
[Round "1.24"]
[White "Obiamiwe, Paul"]
[Black "Jordan Martinez, Miguel"]
[Result "0-1"]
[WhiteElo "1903"]
[BlackElo "2142"]
[PlyCount "140"]
[EventDate "2019.01.21"]
[EventType "swiss"]
[EventRounds "5"]
[EventCountry "GGB"]

1. Nf3 Nf6 2. c4 d6 3. d4 Nbd7 4. Nc3 g6 5. e4 Bg7 6. Be2 e5 7. O-O O-O 8. Bg5
h6 9. Bh4 g5 10. Bg3 Nh5 11. dxe5 Nxg3 12. hxg3 Nxe5 13. Nd4 Nc6 14. Nf3 Be6
15. Rc1 g4 16. Nh4 Qg5 17. b3 Nd4 18. Bd3 c6 19. Ne2 Rad8 20. Bb1 c5 21. Nxd4
Bxd4 22. Qd3 Rfe8 23. Rcd1 Qg7 24. Kh2 Bd7 25. a4 Re5 26. Nf5 Bxf5 27. exf5
Rde8 28. Rd2 Qg5 29. Qc2 Re1 30. Rd1 R1e2 31. Qc1 Qxc1 32. Rxc1 Rxf2 33. Rxf2
Bxf2 34. Rf1 Bd4 35. Bc2 f6 36. Rf4 h5 37. Re4 Be5 38. Kg1 Kg7 39. Kf1 Rd8 40.
Kf2 Kh6 41. Re2 d5 42. cxd5 Rxd5 43. Be4 Rd7 44. Rc2 b6 45. Ra2 Rd4 46. Re2 Kg5
47. Bc2 a6 48. Be4 Rd1 49. Rc2 Rb1 50. Bd5 Kxf5 51. Bc4 Bd4+ 52. Ke2 b5 53.
axb5 axb5 54. Bxb5 Rxb3 55. Bd3+ Kg5 56. Rc1 Rb2+ 57. Rc2 Rb7 58. Be4 Re7 59.
Kd3 f5 60. Bd5 Re3+ 61. Kc4 Rxg3 62. Kb5 Re3 63. Kc6 f4 64. Kb5 h4 65. Bc4 f3
66. gxf3 Rxf3 67. Kc6 g3 68. Bd5 Rf6+ 69. Kb5 h3 70. Kc4 Bf2 0-1

[Event "Gibraltar Challengers A"]
[Site "Gibraltar"]
[Date "2019.01.21"]
[Round "1.25"]
[White "Kandic, Milan"]
[Black "Fischer, Gerd"]
[Result "1/2-1/2"]
[WhiteElo "2136"]
[BlackElo "1845"]
[PlyCount "86"]
[EventDate "2019.01.21"]
[EventType "swiss"]
[EventRounds "5"]
[EventCountry "GGB"]

1. e4 d6 2. d4 Nf6 3. Nc3 e5 4. Nf3 exd4 5. Qxd4 Be7 6. Bb5+ Nc6 7. Bxc6+ bxc6
8. h3 O-O 9. O-O Re8 10. Bg5 h6 11. Bh4 Nd7 12. Bxe7 Qxe7 13. Rfe1 c5 14. Qd2
Bb7 15. Nd5 Bxd5 16. exd5 Qf6 17. c4 a5 18. Re2 Rab8 19. Rae1 Rxe2 20. Rxe2 a4
21. Qc2 Nb6 22. Nh2 h5 23. Nf1 g6 24. Ng3 Kg7 25. Re4 Nxd5 26. Re2 Nf4 27. Rd2
Qe5 28. Ne2 Re8 29. Nxf4 Qxf4 30. Re2 Rxe2 31. Qxe2 Qc1+ 32. Kh2 Qb1 33. a3 Qc1
34. h4 Qf4+ 35. g3 Qd4 36. Qc2 Kh7 37. Kg1 Kg7 38. Qxa4 Qxb2 39. Qa6 Qb1+ 40.
Kg2 Qe4+ 41. Kg1 Qe1+ 42. Kg2 Qe4+ 43. Kg1 Qe1+ 1/2-1/2

[Event "Gibraltar Challengers A"]
[Site "Gibraltar"]
[Date "2019.01.21"]
[Round "1.26"]
[White "Erdogan, Hassan"]
[Black "Ramasindraibe, Girard"]
[Result "1-0"]
[WhiteElo "1833"]
[BlackElo "2129"]
[PlyCount "135"]
[EventDate "2019.01.21"]
[EventType "swiss"]
[EventRounds "5"]
[EventCountry "GGB"]

1. d4 Nf6 2. Bf4 g6 3. e3 Bg7 4. Nf3 d6 5. Nbd2 Nh5 6. Bg3 O-O 7. Be2 Nd7 8.
O-O e5 9. c3 Nxg3 10. hxg3 Qe7 11. Qc2 Kh8 12. dxe5 Nxe5 13. Nxe5 Qxe5 14. Nf3
Qc5 15. Nd4 a6 16. a4 Rb8 17. Rfd1 Bd7 18. a5 Qe5 19. Bf3 Bf6 20. Qe4 Kg7 21.
Qxe5 Bxe5 22. Be2 h5 23. Rab1 Rh8 24. Nf3 Bf6 25. c4 Rbd8 26. b4 Ba4 27. Rdc1
Bd7 28. b5 Bf5 29. Rb3 Rb8 30. Nd4 Bd7 31. Rcb1 axb5 32. cxb5 Rhe8 33. Kf1 h4
34. gxh4 Bxh4 35. Bf3 Re5 36. a6 bxa6 37. bxa6 Rxb3 38. Rxb3 Ra5 39. g3 Bf6 40.
Rb7 Bh3+ 41. Ke2 c5 42. Bd5 cxd4 43. Rxf7+ Kh6 44. a7 d3+ 45. Kd2 Bc3+ 46. Kxc3
d2 47. Bf3 Bg2 48. Kxd2 Bxf3 49. Rxf3 Rxa7 50. Kd3 Kg5 51. Kd4 Ra5 52. Rf8 Rb5
53. f3 Rb1 54. Ke4 Rd1 55. f4+ Kg4 56. Rg8 Kxg3 57. Rxg6+ Kf2 58. f5 Rh1 59. f6
Rh4+ 60. Kd5 Kxe3 61. Kxd6 Rd4+ 62. Ke7 Re4+ 63. Kf7 Kf4 64. Kg7 Kf5 65. f7 Re7
66. Rf6+ Kg5 67. Rf1 Ra7 68. Kg8 1-0

[Event "Gibraltar Challengers A"]
[Site "Gibraltar"]
[Date "2019.01.21"]
[Round "1.27"]
[White "Jordan Martinez, David"]
[Black "Francois-Haugrin, Said"]
[Result "1-0"]
[WhiteElo "2125"]
[BlackElo "1825"]
[PlyCount "51"]
[EventDate "2019.01.21"]
[EventType "swiss"]
[EventRounds "5"]
[EventCountry "GGB"]

1. e4 c5 2. g3 Nc6 3. Bg2 g6 4. Ne2 Bg7 5. c3 d6 6. d4 cxd4 7. cxd4 Bg4 8. f3
Bd7 9. Nbc3 Nf6 10. Be3 O-O 11. Qd2 e5 12. O-O Re8 13. Rfd1 Qa5 14. a3 a6 15.
d5 Ne7 16. b4 Qd8 17. a4 a5 18. Rdb1 b6 19. bxa5 bxa5 20. Bb6 Qc8 21. Nb5 Bxb5
22. Rxb5 Nd7 23. Bh3 f5 24. Rc1 Qa6 25. Be3 h5 26. Rc7 1-0

[Event "Gibraltar Challengers A"]
[Site "Gibraltar"]
[Date "2019.01.21"]
[Round "1.28"]
[White "Hestvik, Elias"]
[Black "Alarcon Olmos, Daniel"]
[Result "0-1"]
[WhiteElo "1740"]
[BlackElo "2124"]
[PlyCount "80"]
[EventDate "2019.01.21"]
[EventType "swiss"]
[EventRounds "5"]
[EventCountry "GGB"]

1. e4 c5 2. Nf3 Nc6 3. d4 cxd4 4. Nxd4 e5 5. Nb5 a6 6. Nd6+ Bxd6 7. Qxd6 Qf6 8.
Qd3 Qg6 9. g3 d5 10. Bg2 Nf6 11. Nd2 Be6 12. O-O O-O 13. Re1 Rac8 14. c3 Rfd8
15. Qe2 d4 16. Nf3 Bg4 17. h3 Bxf3 18. Qxf3 dxc3 19. bxc3 Na5 20. Rb1 b5 21. a4
bxa4 22. Rb4 Ne8 23. Rxa4 Nb3 24. Bf1 Nc5 25. Ra3 Rc6 26. Bc4 Rf6 27. Qe2 Nc7
28. Ra5 Nxe4 29. Rxe5 Rxf2 30. Qg4 Qxg4 31. hxg4 Nd6 32. Kxf2 Nxc4 33. Re7 Ne6
34. Ra7 a5 35. Be3 h6 36. Rb7 Ne5 37. Bd4 Nd3+ 38. Ke2 Nxe1 39. Kxe1 Nxd4 40.
cxd4 Rxd4 0-1

[Event "Gibraltar Challengers A"]
[Site "Gibraltar"]
[Date "2019.01.21"]
[Round "1.30"]
[White "Dhanwani, Aditya"]
[Black "Verneuil, Pascal"]
[Result "0-1"]
[WhiteElo "1497"]
[BlackElo "2114"]
[PlyCount "56"]
[EventDate "2019.01.21"]
[EventType "swiss"]
[EventRounds "5"]
[EventCountry "GGB"]

1. d4 d5 2. Nf3 Nf6 3. Bg5 Ne4 4. Bf4 c5 5. e3 Qb6 6. Qc1 Nc6 7. c3 Bf5 8. Nbd2
cxd4 9. exd4 e6 10. Be2 Rc8 11. a3 Bd6 12. Bxd6 Nxd6 13. O-O O-O 14. Re1 Bg6
15. Nf1 Nf5 16. Qd2 Na5 17. Bd1 Nc4 18. Qc1 Qxb2 19. Qxb2 Nxb2 20. Be2 Nd6 21.
Rec1 Na4 22. c4 Nxc4 23. Bxc4 dxc4 24. Ne3 b5 25. Ne5 Rfd8 26. Rd1 Nb2 27. Nxg6
hxg6 28. Rd2 c3 0-1

[Event "Gibraltar Challengers A"]
[Site "Gibraltar"]
[Date "2019.01.22"]
[Round "2.1"]
[White "Lim, Zhuo Ren"]
[Black "Castrillon Gomez, Melissa"]
[Result "1-0"]
[WhiteElo "2178"]
[BlackElo "2244"]
[PlyCount "135"]
[EventDate "2019.01.21"]
[EventType "swiss"]
[EventRounds "5"]
[EventCountry "GGB"]

1. Nf3 Nf6 2. c4 g6 3. g3 Bg7 4. Bg2 O-O 5. O-O d6 6. d4 Nbd7 7. Nc3 e5 8. e4
a6 9. h3 b5 10. dxe5 dxe5 11. Qe2 c6 12. a3 Qc7 13. Be3 Re8 14. c5 a5 15. Qc2
Nf8 16. Rfd1 Ne6 17. Ne2 a4 18. Ne1 Nd7 19. Nd3 Bb7 20. h4 Rad8 21. Bh3 Nd4 22.
Nxd4 exd4 23. Bg5 f6 24. Bf4 Qa5 25. b4 axb3 26. Qxb3+ Kh8 27. a4 Ne5 28. Bxe5
fxe5 29. Qf7 Ba6 30. axb5 Qxb5 31. Bf1 Qb7 32. Qxb7 Bxb7 33. Rdb1 Bc8 34. Ra7
Rd7 35. Ra8 Rde7 36. Rbb8 Bd7 37. Rd8 Bf6 38. Bh3 Rxd8 39. Rxd8+ Be8 40. Rc8
Kg7 41. Kf1 Kf7 42. Ke2 Rb7 43. Kd2 Ke7 44. Kc2 h6 45. Bg4 g5 46. hxg5 hxg5 47.
Bf5 Bd7 48. Bxd7 Kxd7 49. Ra8 Ke6 50. Ra6 Kd7 51. Ra1 Ke6 52. Ra6 Kd7 53. Ra4
Kc7 54. Ra8 Kd7 55. Ra4 Kc7 56. Ra1 Kd7 57. Rh1 Ke6 58. Rh6 Kf7 59. Rh7+ Bg7
60. Rh5 Kf6 61. Rh1 Bf8 62. Rh8 Rf7 63. Rg8 Ke6 64. Rxg5 Bg7 65. Rg6+ Kd7 66.
f4 exf4 67. gxf4 Kc7 68. Kb3 1-0

[Event "Gibraltar Challengers A"]
[Site "Gibraltar"]
[Date "2019.01.22"]
[Round "2.2"]
[White "Villar Reymundo, Juan Antonio"]
[Black "Crespo, Eugenio"]
[Result "1-0"]
[WhiteElo "2237"]
[BlackElo "2169"]
[PlyCount "113"]
[EventDate "2019.01.21"]
[EventType "swiss"]
[EventRounds "5"]
[EventCountry "GGB"]

1. d4 Nf6 2. Nf3 e6 3. c4 d5 4. Bg5 Be7 5. Nc3 h6 6. Bh4 O-O 7. Qc2 b6 8. cxd5
Nxd5 9. Nxd5 exd5 10. Bxe7 Qxe7 11. Rc1 c6 12. e3 Be6 13. Bd3 Rc8 14. O-O c5
15. dxc5 bxc5 16. e4 Qb7 17. exd5 Bxd5 18. Bf5 Rd8 19. Rfd1 Na6 20. Ne1 Bxa2
21. Bh7+ Kh8 22. Be4 Bd5 23. Rxd5 Rxd5 24. Qc4 Rad8 25. Nd3 Qd7 26. Qxa6 Rxd3
27. Bxd3 Qxd3 28. Qxd3 Rxd3 29. Kf1 Rd2 30. Rxc5 Rxb2 31. Rc7 Ra2 32. Rxf7 Kg8
33. Rb7 a5 34. g4 a4 35. Kg2 a3 36. Ra7 Ra1 37. h4 Kf8 38. Kf3 a2 39. Kf4 Ke8
40. Kf5 Rh1 41. Rxa2 Rxh4 42. Ra7 Kf8 43. f4 Rh1 44. Kg6 Rg1 45. g5 hxg5 46.
fxg5 Rg2 47. Ra8+ Ke7 48. Rg8 Ra2 49. Rxg7+ Kf8 50. Rb7 Ra6+ 51. Kh7 Ra1 52.
Kh6 Rh1+ 53. Kg6 Ra1 54. Rb8+ Ke7 55. Kg7 Ra7 56. g6 Ke6+ 57. Kh6 1-0

[Event "Gibraltar Challengers A"]
[Site "Gibraltar"]
[Date "2019.01.22"]
[Round "2.3"]
[White "Bengherabi, Khalil"]
[Black "Meszaros, Andras"]
[Result "0-1"]
[WhiteElo "2150"]
[BlackElo "2226"]
[PlyCount "67"]
[EventDate "2019.01.21"]
[EventType "swiss"]
[EventRounds "5"]
[EventCountry "GGB"]

1. e4 c5 2. Nf3 g6 3. d4 cxd4 4. Qxd4 Nf6 5. Nc3 Nc6 6. Qa4 Bg7 7. e5 Ng8 8.
Bf4 Nh6 9. h3 O-O 10. Bb5 a6 11. O-O Rb8 12. Bd3 b5 13. Qe4 Kh8 14. Rfe1 Ng8
15. Qe2 Bb7 16. a4 Nb4 17. Be4 bxa4 18. e6 Bxe4 19. Nxe4 Rb6 20. exf7 Rxf7 21.
Be5 Nc6 22. Bxg7+ Rxg7 23. Rxa4 Rxb2 24. Rxa6 Qc7 25. Qc4 Rb4 26. Qc3 Qf4 27.
Rxc6 Rxe4 28. Rxe4 Qxe4 29. Rc8 h6 30. Ne5 d6 31. Nd7 Qf5 32. Nf8 e5 33. f3 Rf7
34. Rc7 0-1

[Event "Gibraltar Challengers A"]
[Site "Gibraltar"]
[Date "2019.01.22"]
[Round "2.4"]
[White "Longa Yauca, Javier"]
[Black "Gonzalez Gonzalez, Alfonso"]
[Result "0-1"]
[WhiteElo "2226"]
[BlackElo "2160"]
[PlyCount "130"]
[EventDate "2019.01.21"]
[EventType "swiss"]
[EventRounds "5"]
[EventCountry "GGB"]

1. d4 Nf6 2. c4 e6 3. Nf3 b6 4. g3 Ba6 5. Nbd2 d5 6. Bg2 c6 7. Ne5 Nfd7 8. Nxd7
Nxd7 9. Qa4 Bb7 10. e4 Be7 11. exd5 cxd5 12. cxd5 exd5 13. Bh3 a6 14. O-O b5
15. Qb3 O-O 16. a4 Nf6 17. Re1 Bc6 18. Nf3 bxa4 19. Qc2 Bb5 20. Bf4 Ra7 21. Ne5
Bb4 22. Re3 Qb6 23. Rd1 Nh5 24. Rf3 Rc7 25. Qf5 g6 26. Qb1 Be2 27. Bh6 Bxf3 28.
Nxf3 Re8 29. Qa2 Bf8 30. Bxf8 Rxf8 31. Qxa4 Qxb2 32. Qxa6 Rc1 33. Rxc1 Qxc1+
34. Kg2 Qc2 35. Bd7 Qe4 36. h3 Kg7 37. Bb5 Nf6 38. Bd3 Qe6 39. Qb7 Qc8 40. Qb4
Qb8 41. Qa3 Qa8 42. Qb4 Qa2 43. Qb7 Qa8 44. Qb4 Ne4 45. Ne5 Qa2 46. Bxe4 dxe4
47. Nc4 Qe2 48. Ne3 Ra8 49. Qc3 Qf3+ 50. Kg1 Ra2 51. d5+ Qf6 52. Qxf6+ Kxf6 53.
Kf1 h5 54. Nc4 Ke7 55. h4 f6 56. Ke1 Rc2 57. Nd2 Rxd2 58. Kxd2 Kd6 59. Ke3 Kxd5
60. Kf4 Kd4 61. g4 hxg4 62. Kxg4 Ke5 63. f4+ Kd4 64. f5 gxf5+ 65. Kf4 e3 0-1

[Event "Gibraltar Challengers A"]
[Site "Gibraltar"]
[Date "2019.01.22"]
[Round "2.5"]
[White "Elishev, Ivan"]
[Black "Jordan Martinez, David"]
[Result "1/2-1/2"]
[WhiteElo "2224"]
[BlackElo "2125"]
[PlyCount "131"]
[EventDate "2019.01.21"]
[EventType "swiss"]
[EventRounds "5"]
[EventCountry "GGB"]

1. e4 c5 2. Nf3 g6 3. d4 cxd4 4. Nxd4 Nc6 5. c4 Nf6 6. Nc3 Nxd4 7. Qxd4 d6 8.
Be3 Bg7 9. Be2 O-O 10. Qd2 a5 11. f3 a4 12. O-O Qa5 13. Rab1 Be6 14. Nd5 Qxd2
15. Nxe7+ Kh8 16. Bxd2 Rfe8 17. Nd5 Nxd5 18. cxd5 Bxd5 19. Bb5 Re5 20. exd5
Rxd5 21. Bc4 Rxd2 22. Rfd1 Bd4+ 23. Kh1 Rxd1+ 24. Rxd1 Bxb2 25. Bxf7 Rc8 26. g3
Kg7 27. Be6 Rd8 28. Bd5 b6 29. Re1 Rd7 30. Re4 a3 31. Rb4 Kf6 32. f4 h6 33.
Rxb6 g5 34. Kg2 gxf4 35. gxf4 Bd4 36. Rb8 Re7 37. Kf3 h5 38. Be4 d5 39. Bxd5
Re3+ 40. Kg2 Re2+ 41. Kg3 Rd2 42. Bc4 Bf2+ 43. Kf3 Bg1 44. h3 Rf2+ 45. Kg3 Rc2
46. Bb3 Bh2+ 47. Kf3 Rc3+ 48. Ke4 Rxh3 49. Rb6+ Ke7 50. Rh6 Rh4 51. Rh7+ Kd6
52. Rf7 Rg4 53. Rf6+ Ke7 54. Rf7+ Kd6 55. Kf3 Rg3+ 56. Kf2 Rg4 57. f5 Be5 58.
Rh7 Rf4+ 59. Ke3 Rxf5 60. Rh6+ Bf6 61. Ke4 Re5+ 62. Kf4 Ke7 63. Rh7+ Kd6 64.
Rh6 Ke7 65. Rh7+ Kd6 66. Rh6 1/2-1/2

[Event "Gibraltar Challengers A"]
[Site "Gibraltar"]
[Date "2019.01.22"]
[Round "2.6"]
[White "Jordan Martinez, Miguel"]
[Black "Janse, Jan Jaap"]
[Result "1/2-1/2"]
[WhiteElo "2142"]
[BlackElo "2222"]
[PlyCount "125"]
[EventDate "2019.01.21"]
[EventType "swiss"]
[EventRounds "5"]
[EventCountry "GGB"]

1. e4 c6 2. d4 d5 3. Nd2 dxe4 4. Nxe4 Bf5 5. Ng3 Bg6 6. Nh3 e6 7. Nf4 Bd6 8. c3
Nf6 9. h4 Bxf4 10. Bxf4 h6 11. Be2 Nd5 12. Bd2 Qc7 13. h5 Bh7 14. O-O Nf4 15.
Bc4 Nd7 16. Qg4 g5 17. hxg6 Nxg6 18. Bxe6 fxe6 19. Qxe6+ Kd8 20. Bxh6 Qa5 21.
c4 Kc7 22. b4 Qxb4 23. c5 Rae8 24. Qd6+ Kc8 25. Rab1 Qa4 26. Nf5 Nge5 27. Ng7
Nf7 28. Nxe8 Rxe8 29. Qf4 Nxh6 30. Rbe1 Rf8 31. Qxh6 Bd3 32. Re7 Bxf1 33. Rxd7
Re8 34. Qd6 Qa5 35. Rf7 Rd8 36. Qe6+ Kb8 37. Qe5+ Ka8 38. Kxf1 Qxa2 39. Re7
Qb1+ 40. Ke2 Qc2+ 41. Kf1 Qd1+ 42. Qe1 Qd3+ 43. Kg1 Rxd4 44. Re8+ Rd8 45. g4 b5
46. cxb6 axb6 47. Re7 Qd4 48. Qe6 Qd1+ 49. Kg2 Qd5+ 50. Qxd5 cxd5 51. Kf3 d4
52. Ke2 d3+ 53. Kd2 Rd4 54. f3 b5 55. Re3 Kb7 56. Rxd3 Ra4 57. g5 Kc6 58. g6
Ra2+ 59. Ke3 Rg2 60. f4 Rxg6 61. f5 Rg3+ 62. Ke4 Rxd3 63. Kxd3 1/2-1/2

[Event "Gibraltar Challengers A"]
[Site "Gibraltar"]
[Date "2019.01.22"]
[Round "2.8"]
[White "Pinho, Paulo"]
[Black "Osuna Vega, Enrique"]
[Result "1-0"]
[WhiteElo "2205"]
[BlackElo "2116"]
[PlyCount "77"]
[EventDate "2019.01.21"]
[EventType "swiss"]
[EventRounds "5"]
[EventCountry "GGB"]

1. d4 e6 2. Nf3 f5 3. g3 Nf6 4. Bg2 d5 5. b3 Bb4+ 6. c3 Bd6 7. Ba3 Bxa3 8. Nxa3
Ne4 9. Qc1 Qe7 10. O-O O-O 11. c4 c6 12. Nc2 Nd7 13. Nce1 b6 14. cxd5 cxd5 15.
Nd3 Ba6 16. Qb2 Bxd3 17. exd3 Nef6 18. Rfe1 Qd6 19. Re2 h6 20. Rc1 Rac8 21. Ne5
Rxc1+ 22. Qxc1 Re8 23. h3 b5 24. Qc3 Kh7 25. Rc2 Nb6 26. Qa5 Nbd7 27. Rc6 Qb8
28. Rc7 Rc8 29. Rxd7 Nxd7 30. Nxd7 Rc1+ 31. Kh2 Qb7 32. Nf8+ Kg8 33. Nxe6 Qd7
34. Nf4 Rc2 35. Qe1 Kh7 36. Bxd5 g5 37. Be6 Qxd4 38. Bxf5+ Kg8 39. Qe8+ 1-0

[Event "Gibraltar Challengers A"]
[Site "Gibraltar"]
[Date "2019.01.22"]
[Round "2.9"]
[White "Verneuil, Pascal"]
[Black "Rodriguez Perez, Angel Mariano"]
[Result "0-1"]
[WhiteElo "2114"]
[BlackElo "2204"]
[PlyCount "60"]
[EventDate "2019.01.21"]
[EventType "swiss"]
[EventRounds "5"]
[EventCountry "GGB"]

1. e4 c5 2. Nc3 g6 3. d4 cxd4 4. Qxd4 Nf6 5. Bb5 a6 6. e5 axb5 7. exf6 Nc6 8.
fxe7 Qxe7+ 9. Qe3 Nd4 10. Kd1 Ne6 11. Nxb5 Bg7 12. Nf3 O-O 13. Re1 Qb4 14. Qb3
Qg4 15. Rg1 d5 16. h3 Qh5 17. Bd2 d4 18. g4 Qc5 19. a4 Rd8 20. Ne1 Qc6 21. Bb4
Nf4 22. Bd2 Be6 23. Qg3 Qxb5 24. Bxf4 Qxb2 25. Rc1 Bc4 26. Nd3 Bxd3 27. Qxd3
Rxa4 28. Rg3 b5 29. Qb3 d3 30. Bd2 dxc2+ 0-1

[Event "Gibraltar Challengers A"]
[Site "Gibraltar"]
[Date "2019.01.22"]
[Round "2.10"]
[White "Vinal Gutierrez, Pedro"]
[Black "Saber, Yasser"]
[Result "1-0"]
[WhiteElo "1997"]
[BlackElo "2201"]
[PlyCount "133"]
[EventDate "2019.01.21"]
[EventType "swiss"]
[EventRounds "5"]
[EventCountry "GGB"]

1. d4 d5 2. Bf4 Nf6 3. e3 c5 4. c3 Nc6 5. Nd2 e6 6. Ngf3 Be7 7. h3 O-O 8. Bd3
b6 9. O-O Bb7 10. Ne5 Nxe5 11. Bxe5 Qc8 12. Re1 Rd8 13. Qf3 Nd7 14. Bf4 f5 15.
Qg3 Nf8 16. Nf3 Ba6 17. Bc2 Ng6 18. Rac1 Qd7 19. h4 Bd6 20. Bxd6 Qxd6 21. Qxd6
Rxd6 22. h5 Nf8 23. Ba4 Bc8 24. Ne5 Bd7 25. Bd1 Be8 26. Nd3 Rc8 27. g3 Nd7 28.
Kg2 Nf6 29. Rh1 Bb5 30. Ne5 Nd7 31. f4 Nxe5 32. fxe5 Rd7 33. Bc2 Rf7 34. Kf2
Kf8 35. h6 g6 36. Kf3 Ke7 37. Rh2 Rg8 38. Bb1 Kd8 39. Rd1 g5 40. Bc2 g4+ 41.
Kf4 Rd7 42. Re1 Ke7 43. Rh5 Rdd8 44. Rh2 Rc8 45. Bb1 Bc4 46. Rd1 a5 47. Rhd2
Ba6 48. Rh2 Bc4 49. Rhd2 Rc6 50. Rh1 Ba6 51. Bc2 b5 52. dxc5 Rxc5 53. Bd3 Bb7
54. Be2 b4 55. cxb4 axb4 56. Bd3 Ra5 57. Rc1 Kd7 58. Rdc2 Rc8 59. Rxc8 Bxc8 60.
Kg5 Rxa2 61. Kf6 Rxb2 62. Kg7 Rd2 63. Bb5+ Kd8 64. Kxh7 b3 65. Kg7 Rc2 66. Rb1
Rh2 67. h7 1-0

[Event "Gibraltar Challengers A"]
[Site "Gibraltar"]
[Date "2019.01.22"]
[Round "2.12"]
[White "Burke, Mitchell R"]
[Black "Abdulraheem, Abdulrahman Akintoy"]
[Result "0-1"]
[WhiteElo "1994"]
[BlackElo "2224"]
[PlyCount "74"]
[EventDate "2019.01.21"]
[EventType "swiss"]
[EventRounds "5"]
[EventCountry "GGB"]

1. e4 e5 2. f4 d5 3. exd5 c6 4. d4 exd4 5. Nf3 Bb4+ 6. c3 dxc3 7. Nxc3 Nf6 8.
Qe2+ Be7 9. dxc6 Nxc6 10. Be3 O-O 11. Rd1 Qa5 12. Qb5 Bb4 13. Qxa5 Bxa5 14. Bb5
Ng4 15. Bc5 Re8+ 16. Kd2 Be6 17. h3 Nf6 18. Rhe1 Bd5 19. Ne5 Ne4+ 20. Rxe4
Bxc3+ 21. Kxc3 Bxe4 22. Nxf7 Kxf7 23. Bc4+ Kg6 24. Rd7 h6 25. Bf7+ Kh7 26. Bxe8
Rxe8 27. Rxb7 Bxg2 28. b4 Rc8 29. Rd7 Bxh3 30. Rd6 a6 31. a4 h5 32. b5 axb5 33.
axb5 Nd8 34. Kb4 Nb7 35. Rd5 Rxc5 36. Rxc5 Nxc5 37. Kxc5 Bg2 0-1

[Event "Gibraltar Challengers A"]
[Site "Gibraltar"]
[Date "2019.01.22"]
[Round "2.14"]
[White "Lucas Vega, Ivan"]
[Black "Hamer, Martyn"]
[Result "1-0"]
[WhiteElo "2203"]
[BlackElo "2046"]
[PlyCount "139"]
[EventDate "2019.01.21"]
[EventType "swiss"]
[EventRounds "5"]
[EventCountry "GGB"]

1. e4 e5 2. Nf3 Nc6 3. Bb5 a6 4. Ba4 d6 5. d3 Bd7 6. c3 g6 7. Be3 Bg7 8. Nbd2
Nf6 9. h3 O-O 10. g4 b5 11. Bc2 Ne7 12. Nf1 c5 13. Ng3 Qc7 14. Qd2 Rfd8 15. Bh6
c4 16. Bxg7 Kxg7 17. d4 exd4 18. Nxd4 d5 19. exd5 Qe5+ 20. Qe2 Qxe2+ 21. Ngxe2
Nfxd5 22. O-O-O Rab8 23. Rd2 Kf8 24. Be4 Nc7 25. Rhd1 Ke8 26. f4 Ne6 27. Nxe6
Bxe6 28. Nd4 Bd5 29. Bc2 Ba8 30. f5 Nc6 31. fxg6 hxg6 32. h4 Nxd4 33. Rxd4 Rxd4
34. Rxd4 Rb6 35. a4 Ke7 36. a5 Rf6 37. b3 cxb3 38. Bxb3 Rf2 39. Bc2 Bc6 40. g5
Bd7 41. c4 bxc4 42. Rxc4 Bb5 43. Rc7+ Kd6 44. Ra7 Bc4 45. Ra8 Rh2 46. Rh8 Kc5
47. Bd1 Kb4 48. h5 gxh5 49. Rxh5 Rg2 50. Bc2 Be6 51. g6 Kc3 52. Rc5+ Bc4 53.
Rxc4+ Kxc4 54. gxf7 Rf2 55. Bg6 Kb5 56. Kd1 Kxa5 57. Ke1 Rf6 58. Kd2 Kb4 59.
Kd3 a5 60. Kd4 a4 61. Ke5 Rf1 62. Bf5 Re1+ 63. Kf6 a3 64. f8=Q+ Kb3 65. Qb8+
Ka2 66. Qh2+ Ka1 67. Qd2 Rh1 68. Qd4+ Ka2 69. Be6+ Kb1 70. Qe4+ 1-0

[Event "Gibraltar Challengers A"]
[Site "Gibraltar"]
[Date "2019.01.22"]
[Round "2.15"]
[White "Pavlov, Egor"]
[Black "Skutta, Bernd"]
[Result "1-0"]
[WhiteElo "2187"]
[BlackElo "1988"]
[PlyCount "73"]
[EventDate "2019.01.21"]
[EventType "swiss"]
[EventRounds "5"]
[EventCountry "GGB"]

1. c4 e5 2. Nc3 Nc6 3. Nf3 Bc5 4. g3 d6 5. Bg2 Be6 6. d3 a6 7. O-O Qc8 8. Ng5
Bf5 9. Nd5 Nge7 10. e3 h5 11. b4 Bxb4 12. Nxe7 Kxe7 13. f4 f6 14. Nf3 Bh3 15.
d4 Bxg2 16. Kxg2 Qf5 17. Qb3 h4 18. Nxh4 Rxh4 19. gxh4 Rh8 20. h3 Rxh4 21. Rf3
e4 22. Rg3 Be1 23. Rxg7+ Kf8 24. Rg4 Rxg4+ 25. hxg4 Qxg4+ 26. Kf1 Bg3 27. Qc2
Qf3+ 28. Kg1 Nb4 29. Qg2 Qd1+ 30. Qf1 Qg4 31. Qg2 Nd3 32. Bd2 Bf2+ 33. Kf1 Qh5
34. Qxe4 Bg3 35. Qxb7 Qh2 36. Qg2 Qh4 37. Rb1 1-0

[Event "Gibraltar Challengers A"]
[Site "Gibraltar"]
[Date "2019.01.22"]
[Round "2.16"]
[White "Bujakevich, Aleksandr"]
[Black "Lacrosse, Marc"]
[Result "1/2-1/2"]
[WhiteElo "2054"]
[BlackElo "2182"]
[PlyCount "78"]
[EventDate "2019.01.21"]
[EventType "swiss"]
[EventRounds "5"]
[EventCountry "GGB"]

1. e4 e5 2. Nf3 Nc6 3. Bc4 Bc5 4. c3 Nf6 5. d3 a6 6. Bb3 O-O 7. Nbd2 h6 8. O-O
Ba7 9. Re1 Re8 10. Nf1 d6 11. Ng3 Be6 12. Bxe6 Rxe6 13. d4 Re8 14. d5 Ne7 15.
Nh4 Kh7 16. Qf3 Qd7 17. Nhf5 Nxf5 18. Nxf5 Qd8 19. g4 Ng8 20. g5 g6 21. Nxh6
Nxh6 22. gxh6 Rf8 23. Kh1 Qh4 24. Be3 Bxe3 25. Qxe3 f5 26. Qg3 Qxh6 27. Re2 Rf6
28. Rg1 Raf8 29. f3 fxe4 30. fxe4 Rf3 31. Qg5 Qxg5 32. Rxg5 Kh6 33. Rg3 Kh5 34.
Kg2 Rxg3+ 35. hxg3 Kg4 36. Re3 g5 37. c4 b6 38. Ra3 a5 39. Rc3 Rf7 1/2-1/2

[Event "Gibraltar Challengers A"]
[Site "Gibraltar"]
[Date "2019.01.22"]
[Round "2.22"]
[White "Crocker, Philip J"]
[Black "Boardman, Jeffrey"]
[Result "1/2-1/2"]
[WhiteElo "2109"]
[BlackElo "2005"]
[PlyCount "158"]
[EventDate "2019.01.21"]
[EventType "swiss"]
[EventRounds "5"]
[EventCountry "GGB"]

1. c4 e5 2. g3 Nf6 3. Bg2 Nc6 4. Nc3 Bb4 5. Nd5 Nxd5 6. cxd5 Nb8 7. Nf3 Qe7 8.
O-O O-O 9. d4 d6 10. a3 Ba5 11. b4 Bb6 12. dxe5 dxe5 13. Bb2 Nd7 14. e4 a5 15.
Qc2 Re8 16. Bc3 axb4 17. axb4 Rxa1 18. Rxa1 c6 19. Rd1 cxd5 20. exd5 Qd6 21.
Nd2 Qg6 22. Qxg6 hxg6 23. Nc4 Bd4 24. Bxd4 exd4 25. Nd6 Rd8 26. Rxd4 Ne5 27. f4
Ng4 28. Nxc8 Rxc8 29. Bf3 Rc1+ 30. Rd1 Rxd1+ 31. Bxd1 Ne3 32. Bb3 Nf5 33. Kf2
Kf8 34. g4 Nd6 35. Bc2 Ke7 36. Ke3 b6 37. Bd3 f5 38. h3 Kf6 39. Kd4 Ke7 40.
gxf5 gxf5 41. Ke5 g6 42. h4 Nf7+ 43. Kd4 Nd6 44. Be2 Kf6 45. h5 gxh5 46. Bxh5
Nb5+ 47. Kd3 Nd6 48. Bf3 Ke7 49. Be2 Kf6 50. Kd4 Ne4 51. Bd3 Nd6 52. Ba6 Ne4
53. Bb5 Nd6 54. Bd3 Nf7 55. d6 Nxd6 56. Kd5 Nc8 57. Kc6 Ne7+ 58. Kxb6 Nd5+ 59.
Kc5 Nxf4 60. Bc4 Ne6+ 61. Kd6 Nd4 62. Kd5 Ne6 63. Bf1 f4 64. Bh3 Ng5 65. Bf1
Ne6 66. Ke4 Ke7 67. Bc4 f3 68. Kxf3 Nc7 69. Ke4 Kd6 70. Kd4 Kc6 71. Ke5 Nb5 72.
Bb3 Kb6 73. Kd5 Nc3+ 74. Kc4 Nb5 75. Ba4 Nd6+ 76. Kd5 Nb5 77. Kc4 Nd6+ 78. Kb3
Nb5 79. Kc4 Nd6+ 1/2-1/2

[Event "Gibraltar Challengers A"]
[Site "Gibraltar"]
[Date "2019.01.22"]
[Round "2.23"]
[White "Lutz, Juergen"]
[Black "Suez-Panama, Gilles"]
[Result "0-1"]
[WhiteElo "1960"]
[BlackElo "2078"]
[PlyCount "80"]
[EventDate "2019.01.21"]
[EventType "swiss"]
[EventRounds "5"]
[EventCountry "GGB"]

1. c4 e5 2. Nc3 Nc6 3. g3 f5 4. e4 Nf6 5. Bg2 Bc5 6. Nf3 d6 7. O-O O-O 8. h3 a6
9. d3 Qe8 10. Nd5 Nxd5 11. cxd5 Nd4 12. Nxd4 Bxd4 13. Kh2 f4 14. Bd2 Bxb2 15.
Rb1 Bd4 16. Rc1 Qf7 17. gxf4 exf4 18. Bf3 Qf6 19. Rxc7 Qh4 20. Bg4 Bxf2 21. Bc3
Rf7 22. Rxc8+ Rxc8 23. Bxc8 f3 24. Rg1 Bxg1+ 25. Qxg1 f2 26. Qf1 Qf4+ 27. Kh1
Qf3+ 28. Kh2 Qf4+ 29. Kh1 Rc7 30. Be6+ Kh8 31. Bb2 Rc2 32. Ba3 Rc3 33. Bxd6
Qxd6 34. Qxf2 Rxd3 35. Qc2 Rf3 36. Qc8+ Rf8 37. Qxb7 Qg3 38. Qxa6 Qe1+ 39. Kg2
Rf2+ 40. Kg3 Rxa2+ 0-1